000 00482nam a2200205Ia 4500
008 210210b1963 xxu||||| |||| 00| 0 eng d
041 _aeng
082 _a547 FERT
100 _aFERGUSON (Lloyd N)
245 _aText book of organic chemistry
260 _aNew York
_bD Van Nostrand Co.
_c1963
300 _axviii,618
650 _aText
650 _aorganic
650 _aof
650 _achemistry
650 _abook
690 _aOrganic Chemistry
906 _a009294
999 _c148389
_d148389